000 00483nam a2200181Ia 4500
005 20250508153319.0
008 008 250505s9999 xx 000 0 eng d
037 _aBooks to be hide in OPAC
040 _aFEDL
_beng
_cFEDL
041 _aeng
_2eng
084 _qFEDL
245 0 _aDas kommerzielle bildungswesen der Schweiz, rumaniens, brasiliens und Argentiniens
260 _c1906
300 _a195p.
546 _aWeeded out
942 _cHB
999 _c1341951
_d1341951